فن الخطابة / (Record no. 121990)

MARC details
000 -LEADER
fixed length control field 00713nam a22002417a 4500
005 - DATE AND TIME OF LATEST TRANSACTION
control field 20251108174933.0
008 - FIXED-LENGTH DATA ELEMENTS--GENERAL INFORMATION
fixed length control field 250721s2010 xx 000 0 ara d
020 ## - INTERNATIONAL STANDARD BOOK NUMBER
International Standard Book Number 9789776325731
082 14 - DEWEY DECIMAL CLASSIFICATION NUMBER
Classification number 808.5/كار
100 1# - MAIN ENTRY--PERSONAL NAME
Personal name كارنيجي، ديل
Relator term مؤلف
245 10 - TITLE STATEMENT
Title فن الخطابة /
264 1# - PRODUCTION, PUBLICATION, DISTRIBUTION, MANUFACTURE, AND COPYRIGHT NOTICE
Place of production, publication, distribution, manufacture الجيزة :
Name of producer, publisher, distributor, manufacturer دار مشارق،
Date of production, publication, distribution, manufacture, or copyright notice 2010.
300 ## - PHYSICAL DESCRIPTION
Extent 156 ص.
650 17 - SUBJECT ADDED ENTRY--TOPICAL TERM
Topical term or geographic name as entry element الخطابة
650 17 - SUBJECT ADDED ENTRY--TOPICAL TERM
Topical term or geographic name as entry element الخطبة المثيرة
650 17 - SUBJECT ADDED ENTRY--TOPICAL TERM
Topical term or geographic name as entry element الكلام
650 17 - SUBJECT ADDED ENTRY--TOPICAL TERM
Topical term or geographic name as entry element المهارات الشفهية
650 17 - SUBJECT ADDED ENTRY--TOPICAL TERM
Topical term or geographic name as entry element مهارات الإتصال
653 ## - INDEX TERM--UNCONTROLLED
Uncontrolled term فن إلقاء الخطب
700 1# - ADDED ENTRY--PERSONAL NAME
Personal name عبد اللاه، خالد
Relator term مترجم
942 ## - ADDED ENTRY ELEMENTS (KOHA)
Source of classification or shelving scheme Dewey Decimal Classification
Koha item type Books
Holdings
حالة السحب حالة الفقدان مصدر التصنيف حالة التلف غير قابل للإعارة المكتبة الرئيسية المكتبة الحالية موقع الرف تاريخ التزويد الرقم المتسلسل Total Checkouts رقم الإستدعاء الباركود تاريخ آخر ظهور تاريخ الفاتورة نوع المادة (كوها)
    Dewey Decimal Classification     المكتبة المركزية المكتبة المركزية الإعارة 28/07/2025 1455708   808.5/كار PLD00165172 28/07/2025 28/07/2025 Books
Implemented & Customized by: BBB with SCIT (Smart Chains for Information Technology)

Powered by Koha